[Event "SC 1911 Großröhrsdorf-SK Gernsheim"]
[Site "Naumburg"]
[Date "2010.12.29"]
[Round "6.2"]
[White "Gerntke, Oliver"]
[Black "Fornoff, Robin"]
[Result "0-1"]
[WhiteElo "1857"]
[BlackElo "1663"]
[PlyCount "42"]
[EventDate "2010.??.??"]
[WhiteTeam "SC 1911 Großröhrsdorf"]
[BlackTeam "SK Gernsheim"]

1. Nf3 Nf6 2. c4 c5 3. Nc3 Nc6 4. d4 cxd4 5. Nxd4 g6 6. g3 Bg7 7. Nxc6 bxc6 8.
Bg2 O-O 9. O-O Rb8 10. e4 Ba6 11. Qa4 Qc8 12. Rb1 Ne8 13. Ne2 Nd6 14. Bf4 e5
15. Bc1 Nxc4 16. Re1 Nb6 17. Qd1 Rd8 18. Bh3 Qc7 19. Qc2 d5 20. exd5 Rxd5 21.
f4 Bd3 0-1

[Event "SSC Rostock-Hamburger SK"]
[Site "Naumburg"]
[Date "2010.12.29"]
[Round "6.2"]
[White "Luther, Alexander"]
[Black "Hinrichs, Lars"]
[Result "1/2-1/2"]
[WhiteElo "1802"]
[BlackElo "1805"]
[PlyCount "62"]
[EventDate "2010.??.??"]
[WhiteTeam "SSC Rostock"]
[BlackTeam "Hamburger SK"]

1. e4 e6 2. d4 d5 3. Nd2 Nc6 4. c3 e5 5. exd5 Qxd5 6. Ngf3 exd4 7. Bc4 Qh5 8.
cxd4 Nf6 9. O-O Be7 10. Ne5 Qxd1 11. Rxd1 Nxe5 12. dxe5 Ng4 13. Nf3 Bc5 14. Rf1
O-O 15. h3 Nh6 16. Bf4 Nf5 17. Rad1 Ne7 18. e6 Bxe6 19. Bxe6 fxe6 20. Bxc7 Nd5
21. Bg3 h6 22. Rfe1 Rfe8 23. a3 Rad8 24. b4 Bb6 25. Ne5 Kf8 26. Rd3 Rc8 27.
Nd7+ Kf7 28. Nxb6 Nxb6 29. Bd6 Red8 30. Rf3+ Kg8 31. Bc5 Rc6 1/2-1/2

[Event "SSC Rostock-Hamburger SK"]
[Site "Naumburg"]
[Date "2010.12.29"]
[Round "6.4"]
[White "Bardosch, Karl"]
[Black "Sander, Dan Allan"]
[Result "0-1"]
[WhiteElo "1476"]
[BlackElo "1659"]
[PlyCount "88"]
[EventDate "2010.??.??"]
[WhiteTeam "SSC Rostock"]
[BlackTeam "Hamburger SK"]

1. e4 c5 2. Nf3 d6 3. d4 cxd4 4. Nxd4 Nf6 5. Nc3 e6 6. Be3 Be7 7. f3 O-O 8. Qd2
a6 9. O-O-O b5 10. a3 Bb7 11. h4 Nbd7 12. g4 Nb6 13. h5 Nfd7 14. g5 Ne5 15. g6
Nbc4 16. Bxc4 Nxc4 17. gxh7+ Kh8 18. Qf2 Nxe3 19. Qxe3 Bg5 20. f4 Bh6 21. Kb1
Rc8 22. Qg3 Rxc3 23. Qxc3 Bxe4 24. Rhg1 d5 25. Qg3 Qc7 26. Rdf1 Rc8 27. Rf2 Qc5
28. Rd1 Kxh7 29. Qh2 Qe7 30. Ka1 Qf6 31. c3 Rc4 32. Ka2 Qe7 33. Qh3 Qc7 34. Qg4
Qd7 35. Nb3 Bf5 36. Qg3 Qc7 37. Nd4 Be4 38. Qg4 Qb6 39. Qg3 b4 40. axb4 Qc7 41.
Ne2 a5 42. Rd4 axb4 43. Rxc4 Qxc4+ 44. b3 Qa6+ 0-1

[Event "SK Ettlingen-Erfurter Schachklub"]
[Site "Naumburg"]
[Date "2010.12.29"]
[Round "6.2"]
[White "Schwingen, Dominik"]
[Black "Reichardt, Albert"]
[Result "1-0"]
[WhiteElo "1703"]
[BlackElo "1470"]
[PlyCount "75"]
[EventDate "2010.??.??"]
[WhiteTeam "SK Ettlingen"]
[BlackTeam "Erfurter Schachklub"]

1. e4 e5 2. Nf3 Nc6 3. Bc4 Nf6 4. d3 Be7 5. c3 d6 6. Bb3 Bg4 7. Nbd2 Qd7 8. Nf1
O-O 9. Ng3 h6 10. h3 Be6 11. O-O Nh7 12. Be3 Na5 13. Bc2 c5 14. Nh2 Nc6 15. Qd2
f5 16. exf5 Bxf5 17. Nxf5 Rxf5 18. d4 Rf7 19. dxc5 d5 20. Ng4 h5 21. Nh2 d4 22.
Bb3 Bxc5 23. cxd4 exd4 24. Bxf7+ Qxf7 25. Qc2 Qe7 26. Bd2 Rd8 27. Qc4+ Kh8 28.
Nf3 Bd6 29. Rfe1 Qf8 30. a3 Rd7 31. Qd3 Qf7 32. Re2 Nf6 33. Ng5 Qg8 34. Rae1 g6
35. Re6 Be7 36. b4 Bd8 37. b5 Ne7 38. Rxf6 1-0

[Event "SK Ettlingen-Erfurter Schachklub"]
[Site "Naumburg"]
[Date "2010.12.29"]
[Round "6.4"]
[White "Wendling, Lukas"]
[Black "Scheitz, Sebastian"]
[Result "1-0"]
[WhiteElo "1436"]
[BlackElo "1406"]
[PlyCount "111"]
[EventDate "2010.??.??"]
[WhiteTeam "SK Ettlingen"]
[BlackTeam "Erfurter Schachklub"]

1. e4 c5 2. c3 Nc6 3. Nf3 g6 4. d4 cxd4 5. Nxd4 Bg7 6. Be3 d6 7. Bb5 Bd7 8. Nd2
Nf6 9. h3 O-O 10. O-O a6 11. Nxc6 bxc6 12. Bd3 Qc7 13. Qe2 Rfb8 14. Rab1 a5 15.
Rfe1 Be6 16. b3 c5 17. Bc4 Bxc4 18. Qxc4 Nd7 19. Nf3 Qc6 20. Bg5 Nb6 21. Qd3 f6
22. Bf4 c4 23. bxc4 Nxc4 24. Qd5+ Qxd5 25. exd5 f5 26. Bg5 Rxb1 27. Rxb1 Bxc3
28. Rc1 Nb6 29. Rxc3 Nxd5 30. Rc2 Nb4 31. Rd2 Re8 32. a3 Nc6 33. Rc2 Ne5 34.
Nxe5 dxe5 35. Bd2 a4 36. Rc4 Ra8 37. Bb4 Ra7 38. Rc5 e4 39. Kf1 Kf7 40. Ke2 Ke6
41. Ke3 Rd7 42. Kf4 h6 43. Rc6+ Kf7 44. Ra6 Rd5 45. Ke3 e6 46. Rxa4 Rd3+ 47.
Ke2 g5 48. Ra7+ Kf6 49. a4 f4 50. a5 f3+ 51. gxf3 Rxf3 52. a6 Rb3 53. Rb7 Rb2+
54. Ke3 Ra2 55. a7 e5 56. Bc5 1-0

[Event "LSV Turm Lippstadt-Heilbronner SV"]
[Site "Naumburg"]
[Date "2010.12.29"]
[Round "6.2"]
[White "Scheer, Maximilian"]
[Black "Mikeler, Marcel"]
[Result "1/2-1/2"]
[WhiteElo "1569"]
[BlackElo "1377"]
[PlyCount "109"]
[EventDate "2010.??.??"]
[WhiteTeam "LSV Turm Lippstadt"]
[BlackTeam "Heilbronner SV"]

1. e4 {[%emt 0:00:00]} c5 2. Nf3 Nc6 3. d4 cxd4 4. Nxd4 g6 5. Nc3 Bg7 6. Be3 d6
7. Qd2 Nf6 8. f3 O-O 9. Be2 Bd7 10. g4 a6 11. h4 Rc8 12. O-O-O Qc7 13. h5 b5
14. hxg6 fxg6 15. Bh6 Nxd4 16. Qxd4 Bxh6+ 17. Rxh6 Qc5 18. Qd2 Be6 19. g5 Nd7
20. Nd5 Bxd5 21. exd5 Ne5 22. Rdh1 Rf7 23. f4 Nc4 24. Bxc4 Qxc4 25. b3 Qc3 26.
Qxc3 Rxc3 27. f5 gxf5 28. g6 Rg7 29. gxh7+ Kh8 30. Rf1 Rxh7 31. Rxh7+ Kxh7 32.
Rxf5 Kg6 33. Rf4 Re3 34. Kd2 Re5 35. c4 bxc4 36. bxc4 Rg5 37. Kc3 a5 38. Kb3
Rg3+ 39. Ka4 Rg2 40. a3 Rg3 41. Kxa5 Rxa3+ 42. Kb4 Ra7 43. Re4 Kf5 44. Re6 Rc7
45. Kb5 Kf4 46. Kb6 Rxc4 47. Rxe7 Rc5 48. Re8 Rxd5 49. Kc6 Rd1 50. Re6 d5 51.
Kc5 d4 52. Kc4 d3 53. Kc3 Kf5 54. Re3 d2 55. Rd3 1/2-1/2

[Event "LSV Turm Lippstadt-Heilbronner SV"]
[Site "Naumburg"]
[Date "2010.12.29"]
[Round "6.3"]
[White "Tunc, Devris"]
[Black "Valledor Pereira, Dominik Damian"]
[Result "1/2-1/2"]
[WhiteElo "815"]
[BlackElo "1531"]
[PlyCount "55"]
[EventDate "2010.??.??"]
[WhiteTeam "Heilbronner SV"]
[BlackTeam "LSV Turm Lippstadt"]

1. d4 d5 2. c4 c6 3. Nc3 Nf6 4. Nf3 Nbd7 5. Qc2 e6 6. Bg5 Bd6 7. e4 dxe4 8.
Nxe4 Be7 9. Bd3 h6 10. Bf4 O-O 11. O-O Nxe4 12. Bxe4 Nf6 13. Rad1 Bd6 14. Be5
Nxe4 15. Qxe4 Bxe5 16. dxe5 Qa5 17. a3 Rb8 18. Rd2 a6 19. Rfd1 Qc7 20. b4 c5
21. Rd3 cxb4 22. axb4 b6 23. Nh4 Bb7 24. Qf4 Bc6 25. Rg3 Kh8 26. h3 Rbd8 27.
Rdd3 Rxd3 28. Rxd3 1/2-1/2

[Event "LSV Turm Lippstadt-Heilbronner SV"]
[Site "Naumburg"]
[Date "2010.12.29"]
[Round "6.4"]
[White "Lutter, Maximilian"]
[Black "Wenninger, Patrick"]
[Result "1-0"]
[WhiteElo "1171"]
[BlackElo "783"]
[PlyCount "73"]
[EventDate "2010.??.??"]
[WhiteTeam "LSV Turm Lippstadt"]
[BlackTeam "Heilbronner SV"]

1. e4 c6 2. Nc3 d5 3. f4 dxe4 4. Nxe4 Bf5 5. Bd3 Nd7 6. Ne2 e6 7. b3 Qc7 8. Bb2
O-O-O 9. O-O Ne7 10. Qe1 Kb8 11. Kh1 Nd5 12. c4 Nb4 13. Bb1 Bxe4 14. Bxe4 f5
15. a3 Nc5 16. axb4 Nxe4 17. Bc3 Rd7 18. Nd4 Qd6 19. Nb5 cxb5 20. Be5 Qxe5 21.
fxe5 Rxd2 22. c5 g6 23. Rd1 Bh6 24. Rxd2 Nxd2 25. Rf2 Ne4 26. Rf3 Bd2 27. Qh4
g5 28. Qh5 g4 29. Rf1 g3 30. Qf3 Nf2+ 31. Kg1 gxh2+ 32. Kxf2 f4 33. g3 Be3+ 34.
Kg2 Rd8 35. Kxh2 Rd2+ 36. Kh1 fxg3 37. Qxg3 1-0

[Event "TSV Kareth-Lappersdorf-Naumburger SV 195"]
[Site "Naumburg"]
[Date "2010.12.29"]
[Round "6.2"]
[White "Kaiser, Dominik"]
[Black "Franke, Oliver"]
[Result "0-1"]
[WhiteElo "1732"]
[BlackElo "1485"]
[PlyCount "54"]
[EventDate "2010.??.??"]
[WhiteTeam "TSV Kareth-Lappersdorf"]
[BlackTeam "Naumburger SV 1951"]

1. e4 e6 2. d4 d5 3. exd5 exd5 4. Bd3 Nf6 5. Nf3 Be7 6. O-O O-O 7. h3 Nbd7 8.
Re1 c5 9. dxc5 Nxc5 10. Nc3 Bd7 11. Nxd5 Nxd5 12. Bxh7+ Kxh7 13. Qxd5 Bc6 14.
Qh5+ Kg8 15. Bg5 Bxf3 16. Bxe7 Bxh5 17. Bxd8 Raxd8 18. Re5 Bg6 19. Rxc5 Rd2 20.
Rc1 Re8 21. f4 Ree2 22. g4 Bxc2 23. Rh5 g6 24. Re5 Rg2+ 25. Kf1 Rh2 26. Ke1
Rdg2 27. Re8+ Kg7 0-1

[Event "TSV Kareth-Lappersdorf-Naumburger SV 195"]
[Site "Naumburg"]
[Date "2010.12.29"]
[Round "6.4"]
[White "Wild, Michael"]
[Black "Sträßer, Martin"]
[Result "1/2-1/2"]
[WhiteElo "1200"]
[BlackElo "1258"]
[PlyCount "68"]
[EventDate "2010.??.??"]
[WhiteTeam "TSV Kareth-Lappersdorf"]
[BlackTeam "Naumburger SV 1951"]

1. e4 e5 2. Nf3 Nc6 3. Bc4 Bc5 4. b4 Bxb4 5. c3 Be7 6. d4 d6 7. O-O Nf6 8. Nbd2
O-O 9. Ba3 Bg4 10. Re1 exd4 11. cxd4 Nxd4 12. Rb1 b6 13. Bb2 Nxf3+ 14. Nxf3 c5
15. Qd3 Be6 16. Bxe6 fxe6 17. Ng5 Qc8 18. Qh3 e5 19. Ne6 Re8 20. Re3 Bf8 21.
Nxf8 Qxh3 22. Rxh3 Rxf8 23. Rf1 Nd7 24. Rd1 Rf6 25. Rhd3 Raf8 26. f3 R8f7 27.
Rxd6 Rxd6 28. Rxd6 Kf8 29. Rd5 Re7 30. Kf2 Kf7 31. Ke3 Ke6 32. g3 g5 33. Kf2
Re8 34. Bc1 h6 1/2-1/2